[Event "Klatovy op-A 29th"]
[Site "Klatovy"]
[Date "2023.07.06"]
[Round "6"]
[White "Topencik, Bruno"]
[Black "Strnad, Jakub"]
[Result "0-1"]
[WhiteElo "1780"]
[BlackElo "1957"]
[PlyCount "82"]
[EventDate "2023.07.01"]
[EventType "swiss"]
[EventRounds "9"]
[EventCountry "CZE"]
[SourceTitle "CBM 215 Extra"]
[Source "ChessBase"]
[SourceDate "2023.09.30"]
[SourceVersion "1"]
[SourceVersionDate "2023.09.30"]
[SourceQuality "1"]

1. e4 e5 2. Nf3 Nc6 3. Nc3 Nf6 4. Bb5 d6 5. d4 Bd7 6. 0-0 Be7 7. d5 Nb8 8. Bxd7+ Nbxd7 9. Be3 c6 10. Nd2 cxd5 11. exd5 Nb6 12. Bxb6 Qxb6 13. Nb3 0-0 14. Qd3 Rac8 15. g3 Nd7 16. Kg2 f5 17. f3 a6 18. Rae1 Nc5 19. Nxc5 Qxc5 20. Re2 Qc4 21. Qxc4 Rxc4 22. Rd1 Rfc8 23. h4 Rb4 24. Rc1 Rxb2 25. Rb1 Rxb1 26. Nxb1 Rc5 27. Rd2 Bd8 28. Kf2 Ba5 29. c3 Bxc3 30. Nxc3 Rxc3 31. Rb2 b5 32. a4 Rc5 33. axb5 axb5 34. Rd2 b4 35. Rb2 Rb5 36. Ke3 Kf7 37. g4 fxg4 38. fxg4 b3 39. Ke4 Kg6 40. h5+ Kg5 41. Kf3 Rb4 0-1

[Event "Klatovy op-A 29th"]
[Site "Klatovy"]
[Date "2023.07.01"]
[Round "1"]
[White "Strnad, Jakub"]
[Black "Horak, Martin"]
[Result "0-1"]
[WhiteElo "1957"]
[BlackElo "2266"]
[PlyCount "40"]
[EventDate "2023.07.01"]
[EventType "swiss"]
[EventRounds "9"]
[EventCountry "CZE"]
[SourceTitle "CBM 215 Extra"]
[Source "ChessBase"]
[SourceDate "2023.09.30"]
[SourceVersion "1"]
[SourceVersionDate "2023.09.30"]
[SourceQuality "1"]

1. e4 c5 2. Nf3 Nc6 3. d4 cxd4 4. Nxd4 g6 5. Nc3 Bg7 6. Be3 Nf6 7. Be2 0-0 8. 0-0 d6 9. Kh1 Bd7 10. h3 Rc8 11. f4 a6 12. a4 Na5 13. e5 Ne8 14. e6 Bxe6 15. Nxe6 fxe6 16. Bg4 Qd7 17. Nd5 Nc4 18. Bd4 h5 19. Bxe6+ Qxe6 20. Bxg7 Rf5 0-1

[Event "Klatovy op-A 24th"]
[Site "Klatovy"]
[Date "2018.07.04"]
[Round "5"]
[White "Flajsman, Pavel"]
[Black "Strnad, Jakub"]
[Result "1/2-1/2"]
[WhiteElo "1828"]
[BlackElo "2055"]
[PlyCount "67"]
[EventDate "2018.06.30"]
[EventType "swiss"]
[EventRounds "9"]
[EventCountry "CZE"]
[SourceTitle "CBM 185 Extra"]
[Source "ChessBase"]
[SourceDate "2018.07.29"]
[SourceVersion "1"]
[SourceVersionDate "2018.07.29"]
[SourceQuality "1"]

1. d4 d5 2. c4 e6 3. Nc3 Nf6 4. Bg5 Nbd7 5. cxd5 exd5 6. e3 Be7 7. Bd3 0-0 8. Qc2 c6 9. Nf3 Re8 10. 0-0 Ne4 11. Bxe7 Qxe7 12. Rab1 Ndf6 13. b4 a6 14. a4 Ng4 15. h3 Ngxf2 16. Rxf2 Nxf2 17. Qxf2 Qxe3 18. Re1 Qxf2+ 19. Kxf2 Rxe1 20. Kxe1 f6 21. a5 Bd7 22. Na4 Re8+ 23. Kd2 Re7 24. Nc5 Bc8 25. Nh4 g6 26. Bc2 Kg7 27. Bd3 Kh6 28. Nf3 g5 29. g4 Kg7 30. Be2 h5 31. Nh2 hxg4 32. hxg4 Re8 33. Nf1 Re7 34. Ne3 1/2-1/2

[Event "Klatovy op-A 24th"]
[Site "Klatovy"]
[Date "2018.07.02"]
[Round "3"]
[White "Skypala, Ondrej"]
[Black "Strnad, Jakub"]
[Result "0-1"]
[WhiteElo "1852"]
[BlackElo "2055"]
[PlyCount "50"]
[EventDate "2018.06.30"]
[EventType "swiss"]
[EventRounds "9"]
[EventCountry "CZE"]
[SourceTitle "CBM 185 Extra"]
[Source "ChessBase"]
[SourceDate "2018.07.29"]
[SourceVersion "1"]
[SourceVersionDate "2018.07.29"]
[SourceQuality "1"]

1. e4 e5 2. Nf3 Nc6 3. Bb5 a6 4. Ba4 Nf6 5. 0-0 b5 6. Bb3 Be7 7. c3 0-0 8. Re1 d6 9. d4 Bg4 10. Nbd2 exd4 11. h3 dxc3 12. bxc3 Bd7 13. Ng5 h6 14. Nxf7 Rxf7 15. Bxf7+ Kxf7 16. Nf3 Ne5 17. Nxe5+ dxe5 18. f4 Bc5+ 19. Kh1 Qe7 20. g4 Bc6 21. Qf3 exf4 22. Bxf4 Bxe4 23. Rxe4 Qxe4 24. Qxe4 Nxe4 25. Rf1 Kg6 0-1

[Event "Klatovy op-A 24th"]
[Site "Klatovy"]
[Date "2018.06.30"]
[Round "1"]
[White "Krzyzanowski, Marcin"]
[Black "Strnad, Jakub"]
[Result "1-0"]
[WhiteElo "2473"]
[BlackElo "2055"]
[PlyCount "39"]
[EventDate "2018.06.30"]
[EventType "swiss"]
[EventRounds "9"]
[EventCountry "CZE"]
[SourceTitle "CBM 185 Extra"]
[Source "ChessBase"]
[SourceDate "2018.07.29"]
[SourceVersion "1"]
[SourceVersionDate "2018.07.29"]
[SourceQuality "1"]

1. e4 e5 2. Bc4 Nf6 3. d3 Nc6 4. Nc3 h6 5. f4 d6 6. Nf3 a6 7. a4 Be7 8. 0-0 0-0 9. f5 Re8 10. Kh1 Nd4 11. Nxd4 exd4 12. Nd5 Bd7 13. Nxf6+ Bxf6 14. Qg4 Bg5 15. Qh5 Rf8 16. h4 Bxh4 17. Bxh6 Qf6 18. Bf4 g6 19. fxg6 Qh8 20. Bh6 1-0

[Event "Klatovy op-A 23rd"]
[Site "Klatovy"]
[Date "2017.07.04"]
[Round "4"]
[White "Strnad, Jakub"]
[Black "Zeman, Matyas"]
[Result "1/2-1/2"]
[WhiteElo "1980"]
[BlackElo "2166"]
[PlyCount "75"]
[EventDate "2017.07.01"]
[EventType "swiss"]
[EventRounds "9"]
[EventCountry "CZE"]
[SourceTitle "EXT 2018"]
[Source "ChessBase"]
[SourceDate "2017.10.13"]
[SourceVersion "1"]
[SourceVersionDate "2017.10.13"]
[SourceQuality "1"]

1. e4 e6 2. d4 d5 3. Nc3 Bb4 4. e5 b6 5. a3 Bf8 6. Nce2 Ba6 7. Nf3 c5 8. c3 Qd7 9. Be3 Nc6 10. Ng3 Bxf1 11. Nxf1 c4 12. Ng3 Be7 13. 0-0 h5 14. h4 0-0-0 15. Ng5 Bxg5 16. Bxg5 f6 17. exf6 gxf6 18. Be3 Nge7 19. Nxh5 Nf5 20. g3 Qf7 21. Nf4 Rdg8 22. Ng2 Nxe3 23. Nxe3 Rxh4 24. Kg2 f5 25. f4 Ne7 26. Qf3 Ng6 27. Kf2 Rh2+ 28. Ng2 Qh7 29. Rae1 Qh3 30. Rg1 Kd7 31. b3 cxb3 32. c4 Ne7 33. Qxb3 dxc4 34. Qa4+ Kd8 35. Re3 Nd5 36. Qc6 Nxe3 37. Qd6+ Kc8 38. Qc6+ 1/2-1/2

[Event "CZE-chT2C 1415"]
[Site "Czech Republic"]
[Date "2014.11.30"]
[Round "3.7"]
[White "Vincze, Roman"]
[Black "Strnad, Jakub"]
[Result "1-0"]
[WhiteElo "2134"]
[BlackElo "1742"]
[PlyCount "117"]
[EventDate "2014.11.02"]
[EventType "team-tourn"]
[EventRounds "11"]
[EventCountry "CZE"]
[SourceTitle "EXT 2022"]
[Source "ChessBase"]
[SourceDate "2021.10.06"]
[SourceVersion "1"]
[SourceVersionDate "2021.10.06"]
[SourceQuality "1"]
[WhiteTeam "Jihlava Gordic"]
[BlackTeam "Praha Kobylisy II"]
[WhiteTeamCountry "CZE"]
[BlackTeamCountry "CZE"]

1. d4 d5 2. c4 e6 3. Nc3 Nf6 4. Bg5 Nbd7 5. e3 Be7 6. Nf3 0-0 7. Rc1 c6 8. a3 Re8 9. Qc2 dxc4 10. Bxc4 Nd5 11. Bxe7 Qxe7 12. 0-0 Nxc3 13. Qxc3 e5 14. Rfd1 e4 15. Nd2 Nf6 16. Nf1 Be6 17. Be2 Rad8 18. Qc5 Qxc5 19. Rxc5 Rd5 20. Rdc1 Kf8 21. b4 a6 22. Nd2 Rxc5 23. bxc5 Re7 24. Rb1 Ke8 25. Bc4 Bd5 26. Bxd5 cxd5 27. Nb3 Kd7 28. Na5 Kc8 29. h3 Rd7 30. Kh2 Ng8 31. Rb6 Ne7 32. g4 Kb8 33. c6 Nxc6 34. Nxc6+ Kc7 35. Ne5 Re7 36. Rb4 f6 37. Nc4 dxc4 38. Rxc4+ Kd6 39. Kg3 b5 40. Rc8 a5 41. Kf4 g6 42. Rc5 Rb7 43. Kxe4 b4 44. axb4 axb4 45. Kd3 b3 46. Rc1 Ra7 47. Rb1 Ra2 48. Rxb3 Rxf2 49. Rb7 h5 50. gxh5 g5 51. h6 Rh2 52. h7 Rxh3 53. Ke4 Ke6 54. d5+ Kd6 55. Kf5 Rh6 56. e4 Kc5 57. Rc7+ Kd6 58. Rc6+ Ke7 59. Rc8 1-0

[Event "Czech Fed-ch opA"]
[Site "Hrdonov"]
[Date "2013.11.01"]
[Round "8"]
[White "Halla, Jiri"]
[Black "Strnad, Jakub"]
[Result "1-0"]
[WhiteElo "1818"]
[BlackElo "1772"]
[PlyCount "79"]
[EventDate "2013.10.26"]
[EventType "swiss"]
[EventRounds "9"]
[EventCountry "CZE"]
[SourceTitle "EXT 2016"]
[Source "ChessBase"]
[SourceDate "2015.10.08"]
[SourceVersion "1"]
[SourceVersionDate "2015.10.08"]
[SourceQuality "1"]

1. e4 e5 2. Nf3 Nc6 3. d4 exd4 4. Nxd4 Nf6 5. Nxc6 bxc6 6. e5 Nd5 7. c4 Nb6 8. Bd3 d5 9. exd6 cxd6 10. 0-0 Be7 11. Re1 0-0 12. Bf4 Be6 13. Qc2 h6 14. Nd2 Nd7 15. Nb3 c5 16. Rad1 Nf6 17. Bf5 Bxf5 18. Qxf5 Rc8 19. Re3 Re8 20. Rg3 Kh8 21. Rh3 Bf8 22. Re3 Rxe3 23. Bxe3 Qd7 24. Qf3 Qa4 25. Qb7 Re8 26. Qxf7 Qxa2 27. Nd2 Qa4 28. b3 Qd7 29. Qxd7 Nxd7 30. Ra1 Ra8 31. Ne4 Rb8 32. h3 Rxb3 33. Rxa7 Nb6 34. Rb7 Rb4 35. Rb8 Nd7 36. Rd8 Rb7 37. Nxd6 Rc7 38. Nb5 Rb7 39. Bf4 Kh7 40. Bc7 1-0

[Event "Czech Fed-ch opA"]
[Site "Hrdonov"]
[Date "2013.10.26"]
[Round "1"]
[White "Strnad, Jakub"]
[Black "Hlavac, Rudolf"]
[Result "0-1"]
[WhiteElo "1772"]
[BlackElo "2003"]
[PlyCount "124"]
[EventDate "2013.10.26"]
[EventType "swiss"]
[EventRounds "9"]
[EventCountry "CZE"]
[SourceTitle "EXT 2016"]
[Source "ChessBase"]
[SourceDate "2015.10.08"]
[SourceVersion "1"]
[SourceVersionDate "2015.10.08"]
[SourceQuality "1"]

1. e4 c5 2. Nf3 Nc6 3. d4 cxd4 4. Nxd4 Nf6 5. Nc3 e5 6. Ndb5 d6 7. Bg5 a6 8. Na3 b5 9. Nd5 Be7 10. Bxf6 Bxf6 11. c3 Bg5 12. Be2 Ne7 13. Nc2 0-0 14. Nxe7+ Qxe7 15. Nb4 a5 16. Nd5 Qb7 17. 0-0 Be6 18. Qb3 Bxd5 19. exd5 Rab8 20. Rad1 f5 21. Kh1 e4 22. Qc2 b4 23. cxb4 Qxb4 24. b3 Rfc8 25. Bc4 Re8 26. f3 g6 27. f4 Bf6 28. Rc1 Re7 29. Be2 Qa3 30. Qc6 Bd4 31. Qc2 h5 32. Qd2 Qb4 33. Qd1 Bc5 34. Rc4 Qb7 35. Rc3 Rg7 36. Rg3 Bb4 37. Qd4 Rc8 38. Bc4 Re8 39. Qf6 Qf7 40. Qb2 e3 41. Qe2 Bd2 42. a3 Qe7 43. Bb5 Rb8 44. a4 Qf6 45. Bc4 Kh7 46. Rh3 Re7 47. Qd1 Rbe8 48. Be2 Kg8 49. Rg3 Kf8 50. Qc2 Re4 51. Qc7 R4e7 52. Qc2 Kf7 53. Rg5 Re4 54. Qd1 Rxf4 55. Rxh5 Rxf1+ 56. Qxf1 gxh5 57. Bxh5+ Kf8 58. Bxe8 Kxe8 59. Qb5+ Ke7 60. Qb7+ Kf8 61. Qc8+ Kg7 62. Qd7+ Kh6 0-1

[Event "Hrdonov op"]
[Site "Hrdonov"]
[Date "2012.10.23"]
[Round "5"]
[White "Portes, Pavel"]
[Black "Strnad, Jakub"]
[Result "1/2-1/2"]
[WhiteElo "1612"]
[BlackElo "1689"]
[PlyCount "79"]
[EventDate "2012.10.20"]
[EventType "swiss"]
[EventRounds "9"]
[EventCountry "CZE"]
[SourceTitle "CBM 151 Extra"]
[Source "ChessBase"]
[SourceDate "2012.12.18"]
[SourceVersion "1"]
[SourceVersionDate "2012.12.18"]
[SourceQuality "1"]

1. e4 e5 2. Nf3 Nc6 3. d4 exd4 4. Nxd4 Nf6 5. Nxc6 bxc6 6. Bd3 Bb4+ 7. c3 Bc5 8. 0-0 0-0 9. Bg5 h6 10. Bh4 d6 11. Kh1 Qe7 12. Nd2 Rb8 13. b4 Bb6 14. f4 Qe6 15. Qf3 Bb7 16. a4 a5 17. Nc4 d5 18. f5 dxe4 19. fxe6 exf3 20. exf7+ Rxf7 21. gxf3 Ba6 22. Ne5 Bxd3 23. Nxd3 Nd5 24. Ne5 Rf5 25. Nxc6 Rbf8 26. bxa5 Bc5 27. Nd4 Rh5 28. Bg3 Nxc3 29. Ne6 Ra8 30. Bxc7 Bb4 31. Rg1 g5 32. Rg4 Rh4 33. Rag1 Kf7 34. Rxh4 gxh4 35. Nf4 Bxa5 36. Bxa5 Rxa5 37. Ra1 Kf6 38. Kg2 Rxa4 39. Rxa4 Nxa4 40. Nd3 1/2-1/2

[Event "CZE Czechia-ch U16"]
[Site "Harrachov"]
[Date "2009.10.30"]
[Round "8"]
[White "Sedivy, Martin"]
[Black "Strnad, Jakub"]
[Result "1/2-1/2"]
[WhiteElo "1667"]
[BlackElo "1573"]
[PlyCount "38"]
[EventDate "2009.10.24"]
[EventType "swiss"]
[EventRounds "9"]
[EventCountry "CZE"]
[SourceTitle "EXT 2012"]
[Source "ChessBase"]
[SourceDate "2011.11.24"]
[SourceVersion "1"]
[SourceVersionDate "2011.11.24"]
[SourceQuality "1"]

1. e4 e5 2. Nf3 Nc6 3. d4 exd4 4. Nxd4 Nf6 5. Nxc6 bxc6 6. Bd3 Bc5 7. 0-0 0-0 8. Bg5 h6 9. Bh4 Re8 10. Nc3 d6 11. Qf3 Bd4 12. Bxf6 Qxf6 13. Qxf6 Bxf6 14. Rab1 Rb8 15. Nd1 Be6 16. b3 d5 17. exd5 cxd5 18. Ne3 c6 19. Rbd1 Rbd8 1/2-1/2

[Event "CZE Czechia-ch U16"]
[Site "Harrachov"]
[Date "2009.10.26"]
[Round "3"]
[White "Strnad, Jakub"]
[Black "Lhotka, Jiri"]
[Result "0-1"]
[WhiteElo "1573"]
[BlackElo "1742"]
[PlyCount "58"]
[EventDate "2009.10.24"]
[EventType "swiss"]
[EventRounds "9"]
[EventCountry "CZE"]
[SourceTitle "EXT 2012"]
[Source "ChessBase"]
[SourceDate "2011.11.24"]
[SourceVersion "1"]
[SourceVersionDate "2011.11.24"]
[SourceQuality "1"]

1. e4 c5 2. Nf3 d6 3. d4 cxd4 4. Nxd4 Nf6 5. Nc3 g6 6. Be3 Bg7 7. f3 0-0 8. Bc4 Nc6 9. Qd2 Bd7 10. h4 h5 11. 0-0-0 Rc8 12. Bb3 Ne5 13. g4 Rc5 14. gxh5 Nxh5 15. Bh6 b5 16. Bxg7 Kxg7 17. Rdg1 a5 18. a3 b4 19. axb4 axb4 20. Nce2 Qa5 21. Qe3 Qa1+ 22. Kd2 Qxb2 23. Rb1 Qa3 24. Qf2 Qa5 25. Ra1 Qc7 26. Rag1 Nc4+ 27. Kd3 e5 28. Nf5+ Bxf5 29. exf5 Rd5+ 0-1